000 00803nam a22002537a 4500
999 _c15921
_d15921
003 AR-CdUCM
008 190430b ||||| |||| 00| 0 spa d
040 _aMUNICIPALIDAD PROVINCIAL DEL CUSCO
_cBIBLIOTECA MUNICIPAL DEL CUSCO
082 _aEP / 869.56 /
_bR78
100 _aRojas Tello, Rosa Amalia
_935159
245 _aPanchitupa Kawsaynin /
260 _aApurímac :
_bKinko´s,
_c2009.
300 _a19 páginas ;
_bilustraciones,
_c21 cm.
500 _aTexto en Quechua.
650 _aLiteratura Peruana
_9132
650 _aCuentos infantiles
_93927
650 _aAprendizaje
_92143
710 _aUnidad de Gestión Educativa Local - Andahuaylas.
_934850
710 _aUNICEF.
_99438
710 _aUNFPA
_934852
710 _aOPS
_934851
942 _2ddc
_cLIBROS
945 _aachl
_d2019-04-30